书目信息 |
| 题名: |
红玫瑰与白玫瑰
|
|
| 作者: | 张爱玲 著 | |
| 分册: | ||
| 出版信息: | 北京 台海出版社 1998 |
|
| 页数: | 348页 | |
| 开本: | 20cm | |
| 丛书名: | 现代名家名作欣赏 | |
| 单 册: | ||
| 中图分类: | I246.77 , I216.8 | |
| 科图分类: | ||
| 主题词: | 短篇小说--中国--现代--选集 , 文学--作品集--中国 | |
| 电子资源: | ||
| ISBN: | 7-80141-041-6 | |
| 000 | 00717oam2 2200253 450 | |
| 001 | 1561164968 | |
| 005 | 20150124170043.42 | |
| 010 | @a7-80141-041-6@dCNY15.80 | |
| 100 | @a20020521d1998 em y0chiy0110 ea | |
| 101 | 0 | @achi |
| 102 | @aCN@b110000 | |
| 105 | @aa z 000ay | |
| 200 | 1 | @a红玫瑰与白玫瑰@9hong mei gui yu bai mei gui@f张爱玲著 |
| 210 | @a北京@c台海出版社@d1998 | |
| 215 | @a348页@c照片@d20cm | |
| 225 | 2 | @a现代名家名作欣赏@h第二辑 |
| 461 | 0 | @12001 @a现代名家名作欣赏 |
| 606 | 0 | @a短篇小说@y中国@z现代@j选集 |
| 606 | 0 | @a文学@x作品集@x中国 |
| 690 | @aI246.77@v5 | |
| 690 | @aI216.8@v4 | |
| 701 | 0 | @a张爱玲@9zhang ai ling@4著 |
| 801 | 0 | @aCN@bTSSF@c20150124 |
| 905 | @aZUCC@dI216.8@eJY186 | |
| 红玫瑰与白玫瑰/张爱玲著.-北京:台海出版社,1998 |
| 348页:照片;20cm.-(现代名家名作欣赏.第二辑) |
| ISBN 7-80141-041-6:CNY15.80 |
| ● |
| 相关链接 |
|
|
|
|
正题名:红玫瑰与白玫瑰
索取号:I216.8/JY186
 
预约/预借
| 序号 | 登录号 | 条形码 | 馆藏地/架位号 | 状态 | 备注 |
| 1 | 7842396 | 278423966 | 学院路分馆/ [索取号:I216.8/JY186] | 在馆 | |
| 2 | 7842397 | 278423975 | 学院路分馆/ [索取号:I216.8/JY186] | 在馆 | |
| 3 | 7842398 | 278423984 | 学院路分馆/ [索取号:I216.8/JY186] | 在馆 |